000 00481nam a22001817a 4500
005 20240814173956.0
008 s1995 eng d
041 _aeng
245 1 0 _aManual of election law volume 2 [4th]
260 3 _aS.l. :
_bs.n.,
_c1995
300 _a1 v. :
_b tables ;
_c 28 cm.
650 0 4 _aElection law -- India
850 _aNALT
942 _cLB
997 _c000000000020774
998 _aSAIPHON DEENGAM
_j25
_k นีลวัสน์ อินทรักษา
999 _c20774
_d20774
090 _aKD122.I4 M36 1995 V.2